LEADER 02058oam 2200589M 450 001 9910716690403321 005 20210706165023.0 035 $a(CKB)5470000002523258 035 $a(OCoLC)1065614595 035 $a(OCoLC)995470000002523258 035 $a(EXLCZ)995470000002523258 100 $a20071213d1927 ua 0 101 0 $aeng 135 $aurcn||||||||| 181 $ctxt$2rdacontent 182 $cc$2rdamedia 183 $acr$2rdacarrier 200 10$aInternal-revenue tax upon passage tickets. February 17, 1927. -- Ordered to be printed 210 1$a[Washington, D.C.] :$c[U.S. Government Printing Office],$d1927. 215 $a1 online resource (2 pages) 225 1 $aSenate report / 69th Congress, 2nd session. Senate ;$vno. 1503 225 1 $a[United States congressional serial set] ;$v[serial no. 8685.] 300 $aBatch processed record: Metadata reviewed, not verified. Some fields updated by batch processes. 300 $aFDLP item number not assigned. 606 $aClergy conferences 606 $aCongresses and conventions 606 $aExcise tax 606 $aPassenger ships 606 $aRailroads$xPassenger traffic 606 $aCargo ships$xPassenger traffic 606 $aVeterans$xServices for$zUnited States 606 $aWorld War, 1914-1918 608 $aLegislative materials.$2lcgft 615 0$aClergy conferences. 615 0$aCongresses and conventions. 615 0$aExcise tax. 615 0$aPassenger ships. 615 0$aRailroads$xPassenger traffic. 615 0$aCargo ships$xPassenger traffic. 615 0$aVeterans$xServices for 615 0$aWorld War, 1914-1918. 701 $aEdge$b Walter E$g(Walter Evans),$f1873-1956$pRepublican (NJ)$01386809 801 0$bWYU 801 1$bWYU 801 2$bOCLCO 801 2$bOCLCQ 801 2$bOCLCO 801 2$bOCLCQ 906 $aBOOK 912 $a9910716690403321 996 $aInternal-revenue tax upon passage tickets. February 17, 1927. -- Ordered to be printed$93454202 997 $aUNINA